000 00386cam a22001217a 4500
008 180718b1977 xxu||||| |||| 00| 0 eng d
082 _aA81x54 In2/71/7/PT9
100 _aCensus of India 1971
245 _aHimachal Pradesh: census atlas
260 _aDelhi
_bThe Controller of Publications
_c1977
300 _a205+p.
440 _aCensus of India 1971. Series-7, Himachal Pradesh. Part IX
999 _c485131
_d485131